京沪高速铁路车站名称Stations of Beijing-Shanghai High-Speed Railway - Statistics

General Stats
  • This quiz has been taken 367 times
  • The average score is 19 of 23
Answer Stats
车站 % Correct
北京南站
99%
济南西站
94%
南京南站
94%
上海虹桥站
94%
徐州东站
93%
天津南站
90%
苏州北站
89%
廊坊站
87%
德州东站
85%
常州北站
85%
无锡东站
84%
昆山南站
82%
沧州西站
81%
枣庄站
80%
蚌埠南站
80%
镇江南站
80%
泰安站
79%
滁州站
78%
宿州东站
72%
曲阜东站
71%
丹阳北站
61%
滕州东站
60%
定远站
56%
No matching quizzes found
Score Distribution
Percent of People with Each Score
Percentile by Number Answered
Your Score History
You have not taken this quiz